|
|
|
|
| LEADER |
01076nab a2200313 i 4500 |
| 001 |
publ19355 |
| 005 |
20200826102555.0 |
| 008 |
200826s2020 hu o 0|| zxx d |
| 022 |
|
|
|a 2076-2607
|
| 024 |
7 |
|
|a 10.3390/microorganisms8091292
|2 doi
|
| 024 |
7 |
|
|a 31408959
|2 mtmt
|
| 040 |
|
|
|a SZTE Publicatio Repozitórium
|b hun
|
| 041 |
|
|
|a zxx
|
| 100 |
1 |
|
|a Gajdács Márió
|
| 245 |
1 |
0 |
|a Streptococcus suis
|h [elektronikus dokumentum] :
|b An Underestimated Emerging Pathogen in Hungary? /
|c Gajdács Márió
|
| 260 |
|
|
|c 2020
|
| 300 |
|
|
|a Azonosító: 1292-Terjedelem: 18 p
|
| 490 |
0 |
|
|a MICROORGANISMS
|v 8 No. 9
|
| 700 |
0 |
1 |
|a Németh Anita
|e aut
|
| 700 |
0 |
1 |
|a Knausz Márta
|e aut
|
| 700 |
0 |
1 |
|a Barrak Ibrahim Ádám
|e aut
|
| 700 |
0 |
1 |
|a Stájer Anette
|e aut
|
| 700 |
0 |
1 |
|a Mestyán Gyula
|e aut
|
| 700 |
0 |
1 |
|a Melegh Szilvia Zsóka
|e aut
|
| 700 |
0 |
1 |
|a Nyul Adrienn
|e aut
|
| 700 |
0 |
1 |
|a Tóth Ákos
|e aut
|
| 700 |
0 |
1 |
|a Ágoston Zsuzsanna
|e aut
|
| 700 |
0 |
2 |
|a Zsoldiné Urbán Edit
|e aut
|
| 856 |
4 |
0 |
|u http://publicatio.bibl.u-szeged.hu/19355/1/microorganisms-08-01292.pdf
|z Dokumentum-elérés
|